000 01481nam a2200325 c 4500
999 _c206625
_d206625
003 BLK
005 20221011131547.0
008 180411b bul|||||r ||||||| ||bul||
010 _aKNG00216375000
040 _aBLK
041 _aBUL
_cBUL
080 _aТуризъм. Алпинизъм. Ориентиране. Международен туризъм вж 338.48 и 379.85
_b796.5
_x(02)
_z796.5(02)
080 _aГеография на Европа
_b913(4)
_x(02)
_z913(4)(02)
100 1 _aКалайджиева, Цвета
_eпърви автор
_9287196
139 _aКалайджиева, Цвета и др.
_bК 16
245 1 0 _aС автомобил на път
_cЦвета Калайджиева, Любомир Ив. Обретенов, Константин Д. Агура.
257 _aBGR
260 _aСофия
_bТехника
_c1972
300 _a172 с.
_bс к., 11 л. ил.
_c20 см
380 _a79
490 _aБиблиотека Авто-мото
_9201614
500 _aНаръчник за автомобилен туризъм зад граница и маршрути на европ. социалист. страни.
650 7 _9174203
_aТуризъм
653 7 _9180355
_aавтомобилен туризъм
700 1 _aОбретенов, Любомир Ив.
_eсъавт.
_9287197
700 1 _aАгура, Константин Димитров
_9475039
852 _aЦб 62998
_bЦб
856 4 _qpdf
856 4 _qpdf
942 _cKNG
_n0
_s1
944 _aCR
_c26.02.2018
_kНора_Радева
944 _aED
_c26.02.2018
_kНора_Радева
944 _aED
_c2022-07-28
_kВП
999 _d206625